Advanced accounts (Record no. 3791)

000 -LEADER
fixed length control field 00583nam a22002291 4500
001 - CONTROL NUMBER
control field 3791
003 - CONTROL NUMBER IDENTIFIER
control field BD-DhUET
008 - FIXED-LENGTH DATA ELEMENTS--GENERAL INFORMATION
fixed length control field 740123s1966 ii k 000 0 eng
020 ## - INTERNATIONAL STANDARD BOOK NUMBER
International Standard Book Number 8121902789
040 ## - CATALOGING SOURCE
Original cataloging agency DLC
Transcribing agency DLC
Modifying agency BD-DhUET
082 00 - DEWEY DECIMAL CLASSIFICATION NUMBER
Classification number 657
Item number SHU/1999
100 1# - MAIN ENTRY--PERSONAL NAME
Personal name Shukla, M. C.
245 10 - TITLE STATEMENT
Title Advanced accounts
Statement of responsibility, etc. by M. C. Shukla and T. S. Grewal
250 ## - EDITION STATEMENT
Edition statement 14th ed.
260 ## - PUBLICATION, DISTRIBUTION, ETC. (IMPRINT)
Place of publication, distribution, etc. New Delhi
Name of publisher, distributor, etc. S, chand
Date of publication, distribution, etc. 1999
300 ## - PHYSICAL DESCRIPTION
Extent v.p.
Other physical details ill.
Dimensions 25 cm.
504 ## - BIBLIOGRAPHY, ETC. NOTE
Bibliography, etc Includes bibliographies
650 #0 - SUBJECT ADDED ENTRY--TOPICAL TERM
Topical term or geographic name as entry element Accounting
700 ## - ADDED ENTRY--PERSONAL NAME
Personal name Grewal, T. S.
700 ## - ADDED ENTRY--PERSONAL NAME
Personal name Gupta, S. C.
942 ## - ADDED ENTRY ELEMENTS (KOHA)
Koha item type General Book
Holdings
Damaged status Piece designation (barcode) Location (home branch) Shelving location Koha date last seen Price effective from Koha item type Copy number Date acquired Source of classification or shelving scheme Sublocation or collection (holding branch) Lost status Withdrawn status Koha normalized classification for sorting Koha full call number Not for loan
 93656Central Library, BUETCirculation section2014-11-052014-11-05General Book12014-11-05 Central Library, BUET  657SHU1999657/SHU/1999 
 93657Central Library, BUETCirculation section2014-11-052014-11-05General Book22014-11-05 Central Library, BUET  657SHU1999657/SHU/1999 
 93658Central Library, BUETCirculation section2014-11-052014-11-05General Book32014-11-05 Central Library, BUET  657SHU1999657/SHU/1999 
 93659Central Library, BUETCirculation section2014-11-052014-11-05General Book42014-11-05 Central Library, BUET  657SHU1999657/SHU/1999 
 93660Central Library, BUETCirculation section2014-11-052014-11-05General Book52014-11-05 Central Library, BUET  657SHU1999657/SHU/1999 
 93661Central Library, BUETCirculation section2014-11-052014-11-05General Book62014-11-05 Central Library, BUET  657_000000000000000_SHU_1999657/SHU/1999 
 93662Central Library, BUETCirculation section2014-11-052014-11-05General Book72014-11-05 Central Library, BUET  657SHU1999657/SHU/1999 
 93655Central Library, BUETCirculation section2014-11-052014-11-05General Book82014-11-05 Central Library, BUET  657_000000000000000_SHU_1999657/SHU/1999 
 93654Central Library, BUETReading section2015-06-202015-06-20Reading Item92015-06-20 Central Library, BUET  657_000000000000000_SHU_1999657/SHU/1999 
 93653Central Library, BUETReading section2015-06-202015-06-20Reading Item102015-06-20 Central Library, BUET  657_000000000000000_SHU_1999657/SHU/1999